| 000 | 004470000a22001810004500 | ||
|---|---|---|---|
| 003 | MACL | ||
| 005 | 20151004151726.0 | ||
| 008 | 151004b xxu||||| |||| 00| 0 eng d | ||
| 040 |
_aMACL _cMACL |
||
| 041 | _aEnglish | ||
| 082 | _a910/KUM | ||
| 100 |
_aR. Kumar & S. Ram _913717 |
||
| 245 | _aTourism in North-East India | ||
| 260 |
_aNew Delhi _bArpan Publications _c2013 |
||
| 350 | _a1175 | ||
| 650 |
_aTourism _913718 |
||
| 942 |
_cBK _k910 _2ddc |
||
| 999 |
_c49275 _d49275 |
||